000 00656nam a2200217Ii 4500
001 1683
003 CO-ViMGA
008 241108s9999||||xx |||||||||||||| ||und||
020 _a847426443X
040 _aCO-ViMGA
_bspa
_erda
_cCO-ViMGA
041 0 _aspa
082 0 4 _a302.17 B27r
100 1 _aCarlos Martín Beristain
_945482
245 1 0 _aReconstruir el tejido social :
_bun enfoque crítico de la ayuda humanitaria
264 1 _aMadrid, España : Icaria, 1999
300 _avolumen
336 _atext
_btxt
_2rdacontent
337 _aunmediated
_bn
_2rdamedia
338 _avolume
_bnc
_2rdacarrier
940 _aidficha_siabuc: 1649. -- ficha_no_siabuc:1683
999 _c40006
_d40006